Rivières suisses - Statistiques

Statistiques générales
  • Ce quiz a été pris 242 fois
  • Le résultat moyen est 8 sur 24
Statistiques - réponses
Hint Réponse Cantons % Correct
264 km Rhône VS, VD, GE Sion, Genève
98%
370 km Rhin (Rhein) GR, SG, TG, SH, ZH, AG, BL, BS / FL Coire, Vaduz, Schaffhouse, Bâle
97%
288 km Aar (Aare) BE, SO, AG Thoune, Berne, Bienne, Aarau
88%
126 km Sarine (Saane) VS, BE, VD, FR Gstaad, Fribourg
65%
79 km Doubs NE, JU (La Chaux-de-Fonds), Saint-Ursanne
53%
140 km Linth / Limmat GL, SG, SZ, ZH, AG Glaris, Zürich, Wettingen
47%
50 km Orbe VD Orbe
41%
164 km Reuss UR, LU, ZG, ZH, AG Altdorf, Lucerne, Bremgarten AG
40%
91 km Tessin (Ticino) TI Airolo, Bellinzone, Lugano
40%
106 km Inn (En) GR St. Moritz, Scuol
36%
72 km Broye FR, VD Payerne, Moudon
35%
75 km Birse (Birs) BE, JU, BL, SO, BS Delémont, Laufon, Bâle
26%
82 km Emme BE, SO Burgdorf
26%
135 km Thur SG, TG, ZH Frauenfeld, Winterthur
22%
59 km Maggia TI Locarno
19%
43 km Suze (Schüss) BE Saint-Imier, Bienne
16%
46 km Kander BE Kandersteg, Frutigen
12%
55 km Simme BE Zweisimmen
12%
69 km Sihl SZ, ZG, ZH Einsiedeln, Zürich
10%
46 km Moesa GR, TI Roveredo GR
7%
60 km Töss SG, ZH Winterthur
7%
49 km Sitter AI, AR, SG, TG Appenzell, Bischofszell (TG)
5%
41 km Wigger LU, AG Aarburg
4%
12 km Samina (Saminabach) FL
3%
Aucun quiz correspondant
Distribution des résultats
% des personnes avec chaque résultat
Percentile par nombre de réponses
Votre historique - résultats
Vous n’avez pas pris ce quiz